Engineering Physics (Record no. 140995)

MARC details
000 -LEADER
fixed length control field 00335nam a2200145Ia 4500
008 - FIXED-LENGTH DATA ELEMENTS--GENERAL INFORMATION
fixed length control field 230917s9999||||xx |||||||||||||| ||und||
040 ## - CATALOGING SOURCE
-- 161964
Original cataloging agency VIVEKANANDA LIBRARY
041 ## - Language
-- English
082 ## - DDC NUMBER
Classification number 621 S81E
100 ## - MAIN ENTRY--PERSONAL NAME
Personal name Satya Prakash
245 #0 - TITLE STATEMENT
Title Engineering Physics
260 ## - PUBLICATION, DISTRIBUTION, ETC. (IMPRINT)
Place of publication, distribution, etc Meerut
Name of publisher, distributor, etc Pragati
Date of publication, distribution, etc 2009
300 ## - PHYSICAL DESCRIPTION
Pages 296p p.
942 ## - ADDED ENTRY ELEMENTS (KOHA)
Koha item type Books
Holdings
Withdrawn status Lost status Damaged status Not for loan Location (home branch) Sublocation or collection (holding branch) Shelving location Date acquired Koha issues (times borrowed) Koha full call number Accession No. Koha date last seen Koha item type
        VIVEKANANDA LIBRARY VIVEKANANDA LIBRARY UIET Library 04/10/2010 1 621 S81E 245508 15/04/2025 Books
© Designed and Maintained by Vivekananda Library, MDU Rohtak